| 000 | 00991amm a2200337 4500 | ||
|---|---|---|---|
| 008 | 211228s2021 cat | ||
| 041 | _acat | ||
| 041 | _beng | ||
| 041 | _bfre | ||
| 041 | _bger | ||
| 041 | _bspa | ||
| 110 |
_aTERMCAT _960609 |
||
| 245 |
_aDiccionari de psiquiatria _cGeneralitat de Catalunya. Departament de Salut; TERMCAT, Centre de Terminologia _h[en línia] |
||
| 250 | _a2a ed. | ||
| 260 |
_aBarcelona _c2021 _bTERMCAT, Centre de Terminologia |
||
| 490 | _aDiccionaris en Línia | ||
| 500 | _btermcat | ||
| 520 | _aaprox. 1.000 | ||
| 546 | _acatalà | ||
| 591 | _aPSIQ2-E | ||
| 592 | _aObra terminològica | ||
| 593 | _aEN | ||
| 650 | 0 |
_apsiquiatria _961040 |
|
| 710 |
_aCatalunya. Departament de Salut _974362 |
||
| 830 |
_aDiccionaris en Línia _974364 |
||
| 856 | _uhttps://www.termcat.cat/ca/diccionaris-en-linia/21/ | ||
| 901 | _ccop. <2021> | ||
| 902 | _a211228 | ||
| 942 |
_cMO _2ddc _n0 |
||
| 999 |
_c68053 _d68053 |
||